00461nam a22001577a 450000500170000000800410001702000180005804100130007608200150008910000250010424500520012925000190018126000470020030000300024765000260027720240206065207.0240206b |||||||| |||| 00| 0 eng d a9780702173097 aEnglish  a347.5 PRE  aPrest, CB lEnglish  aThe Law of Practice of Interdicts / cCB Prest  aFirst Edition  aCape Town : bJuta and Company Ltd, c1996 blv, 405 pages ; c25 cm.  aLegal practice bLaw